UM Logo
Normal view MARC view
  • Bankoff, Creg.,

Entry Personal Name

Number of records used in: 1

001 - CONTROL NUMBER

  • control field: 56903

003 - CONTROL NUMBER IDENTIFIER

  • control field: OSt

005 - DATE AND TIME OF LATEST TRANSACTION

  • control field: 20240506105105.0

008 - FIXED-LENGTH DATA ELEMENTS

  • fixed length control field: 240506|| aca||aabn | a|a d

040 ## - CATALOGING SOURCE

  • Original cataloging agency: OSt
  • Transcribing agency: OSt

100 ## - HEADING--PERSONAL NAME

  • Personal name: Bankoff, Creg.,

670 ## - SOURCE DATA FOUND

  • Source citation: Work cat.: (OSt): Bankoff, Creg.,, Crime, society, and the state in the nineteenth-century Philippines /, ©1996.